000 01872nam a2200265Ia 4500
001 18547
003 GE_BSU
008 181216s||||||||xx |||||||||||||| ||und||
020 _a9789941462276
040 _cGE_BSU
080 _a908(479.223)
100 _aლისოვსკი,ვალერიან
245 _aჭოროხის მხარე
245 _cთარგმნა და ავტორის ბიოგრაფია,კომენტარები,შენიშვნები დაურთო რამაზ სურმანიძემ
260 _aბათუმი.
260 _bუნ-ტის გამ-ბა,
260 _c2015
300 _a198გვ;21სამ.
300 _bდანართი II. ტაბულა.ჭოროხის მხარის 1884წლის სტატისტიკური ცნობები
541 _h5ლ.70თ.
653 _aიმპერიული რუსეთის მაღალი რანგის მოხელე არ ღალატობს ტრადიციას და ხოტბას ასხამს ცარიზმს,თუმცა ამავე დროს, იგი საკმაოდ ზუსტად და ობიექტურად აღწერს ჭოროხის ხეობის მოსახლეობის ადათ-წესებს და ცხოვრების სხვადასხვა სფეროს,კარგზე-კარგს,ხოლო ცუდზე ცუდს ამბობს და მისი თხრობა არასოდეს გადადის შოვინიზმში.
653 _aმხარეთმცოდნეობა
653 _aჭოროხის მხარე
942 _cBK
999 _c51556
_d51556